Les 10 prénoms des garçons les plus chiants - Statistiques

Statistiques générales
  • Ce quiz a été pris 3 939 fois
    3 931 depuis la dernière actualisation
  • Le résultat moyen est 3 sur 10
Statistiques - réponses
TOP Prénoms % Correct
10 Lucas
57%
9 Théo
42%
1 Thomas
37%
5 Maxime
36%
4 Julien
29%
3 Kevin
29%
8 Nicolas
16%
2 Guillaume
14%
7 Jérémy
13%
6 Florian
11%
Aucun quiz correspondant
Distribution des résultats
% des personnes avec chaque résultat
Percentile par nombre de réponses
Votre historique - résultats
Vous n’avez pas pris ce quiz depuis la dernière actualisation